Statistics for Porto 2003/04 squad

Click here to take the quiz!

General Stats

  • This quiz has been taken 6 times
  • The average score is 18 of 26

Answer Stats

Shirt no.Player% Correct
6Costinha
100%
10Deco
100%
15Dmitriy Alenichev
100%
José Mourinho
100%
4Ricardo Carvalho
100%
99Vítor Baía
100%
19Carlos Alberto
83%
11Derlei
83%
2Jorge Costa
83%
18Maniche
83%
20Marco Ferreira
83%
22Paulo Ferreira
83%
23Pedro Mendes
83%
5Ricardo Costa
83%
1Bruno Vale
67%
9Edgaras Jankauskas
67%
13Nuno Espírito Santo
67%
8Nuno Valente
67%
7Carlos Secretário
50%
17José Bosingwa
50%
14Sérgio Conceição
50%
39André Villas-Boas
33%
16César Peixoto
33%
3Pedro Emanuel
33%
25Ricardo Fernandes
33%
21Maciel
17%

Score Distribution

Percentile by Number Answered

Percent of People with Each Score

Your Score History

You have not taken this quiz